Statistics for Looking for 5 European Cities

Click here to take the quiz!

General Stats

  • This quiz has been taken 126 times
  • The average score is 134 of 235

Answer Stats

ANSWER % Correct
AMS 103º
89%
AMS 151º
89%
AMS 284º
89%
AMS 124º
89%
AMS 172º
89%
ATH 305º
82%
ATH 302º
82%
ATH 310º
82%
ATH 53º
82%
ATH 347º
82%
BER 189º
81%
BER 216º
81%
BER 275º
81%
BER 121º
81%
BER 137º
81%
BER 69º
79%
BER 132º
79%
BER 111º
79%
BER 230º
79%
BER 316º
79%
LON 96º
78%
LON 326º
78%
LON 132º
78%
LON 142º
78%
LON 117º
78%
DUB 117º
74%
BEL 121º
74%
DUB 131º
74%
BEL 267º
74%
BEL 356º
74%
BEL 300º
74%
DUB 127º
74%
DUB 101º
74%
DUB 86º
74%
BEL 277º
74%
ROM 319º
72%
AND 347º
72%
AND 41º
72%
AND 59º
72%
ROM 313º
72%
ROM 94º
72%
AND 94º
72%
ROM 32º
72%
AND 74º
72%
ROM 341º
72%
PAR 328º
68%
PAR 125º
68%
PAR 135º
68%
PAR 112º
68%
PAR 83º
68%
BRU 303º
66%
BRU 165º
66%
BRU 143º
66%
BRU 94º
66%
BRU 119º
66%
LIS 61º
65%
LIS 85º
65%
LIS 56º
65%
LIS 69º
65%
LIS 17º
65%
BRA 227º
64%
MAD 51º
64%
MAD 88º
64%
MAD 4º
64%
MAD 59º
64%
BRA 44º
64%
MAD 69º
64%
BRA 293º
64%
BRA 255º
64%
BRA 130º
64%
BUD 12º
63%
BUD 132º
63%
BUD 240º
63%
BUD 261º
63%
BUD 293º
63%
LUX 179º
62%
LUX 87º
62%
LUX 118º
62%
LUX 306º
62%
LUX 145º
62%
COP 203º
61%
COP 141º
61%
COP 255º
61%
COP 143º
61%
COP 184º
61%
KIE 266º
60%
KIE 255º
60%
KIE 245º
60%
KIE 278º
60%
KIE 186º
60%
OSL 178º
58%
OSL 191º
58%
OSL 148º
58%
OSL 151º
58%
OSL 227º
58%
BUC 277º
57%
BUC 323º
57%
BUC 270º
57%
BUC 148º
57%
BUC 296º
57%
MON 74º
56%
MOS 236º
56%
MON 339º
56%
MOS 241º
56%
MOS 201º
56%
MON 99º
56%
MOS 244º
56%
MON 326º
56%
MOS 264º
56%
MON 53º
56%
VIE 253º
55%
VIE 223º
55%
VIE 51º
55%
VIE 128º
55%
VIE 294º
55%
RIG 199º
54%
HEL 207º
54%
HEL 172º
54%
HEL 195º
54%
HEL 218º
54%
RIG 257º
54%
HEL 245º
54%
RIG 168º
54%
RIG 212º
54%
RIG 225º
54%
CHI 267º
53%
LJU 271º
53%
CHI 179º
53%
PRA 131º
53%
CHI 288º
53%
LJU 304º
53%
MIN 268º
53%
PRA 200º
53%
MIN 228º
53%
CHI 258º
53%
LJU 235º
53%
LJU 115º
53%
PRA 234º
53%
LJU 42º
53%
MIN 230º
53%
PRA 90º
53%
PRA 288º
53%
CHI 297º
53%
MIN 175º
53%
MIN 240º
53%
STO 208º
51%
ZAG 273º
51%
WAR 275º
51%
WAR 219º
51%
ZAG 31º
51%
STO 195º
51%
STO 159º
51%
ZAG 117º
51%
WAR 154º
51%
STO 242º
51%
ZAG 248º
51%
STO 173º
51%
WAR 197º
51%
ZAG 303º
51%
WAR 238º
51%
SOF 281º
50%
SOF 111º
50%
SOF 302º
50%
SOF 342º
50%
SOF 285º
50%
VAT 94º
49%
VAD 247º
49%
VAD 113º
49%
VAD 67º
49%
VAD 154º
49%
VAD 310º
49%
VAT 32º
49%
VAT 342º
49%
VAT 313º
49%
VAT 319º
49%
SAN 103º
48%
PRI 105º
48%
REY 127º
48%
PRI 353º
48%
SAN 314º
48%
REY 122º
48%
SAN 39º
48%
PRI 304º
48%
SAN 305º
48%
PRI 284º
48%
REY 136º
48%
PRI 288º
48%
REY 136º
48%
SAN 296º
48%
REY 138º
48%
SAR 305º
47%
VIL 265º
47%
VIL 235º
47%
SAR 109º
47%
VIL 221º
47%
SAR 285º
47%
SAR 277º
47%
VIL 169º
47%
VIL 215º
47%
SAR 9º
47%
SKO 290º
46%
TAL 171º
46%
TAL 208º
46%
SKO 288º
46%
TAL 196º
46%
SKO 99º
46%
TAL 220º
46%
TAL 248º
46%
SKO 305º
46%
SKO 352º
46%
TIR 296º
45%
TIR 92º
45%
POD 289º
45%
TIR 297º
45%
TIR 309º
45%
TIR 0º
45%
POD 3º
45%
POD 101º
45%
POD 307º
45%
POD 291º
45%
VAL 328º
43%
VAL 15º
43%
VAL 326º
43%
VAL 344º
43%
VAL 65º
43%
United Kingdom
33%
Italy
28%
Switzerland
20%
30 000
20%
Poland
18%
6
15%
10 000
12%
Turkey
9%
100
7%
2
5%

Score Distribution

Percentile by Number Answered

Percent of People with Each Score

Your Score History

You have not taken this quiz